|
|
|
|
| LEADER |
01046nam a2200241 u 4500 |
| 001 |
10034442 |
| 003 |
GR-PaULI |
| 005 |
20210117210540.0 |
| 008 |
000511s2008 gr gre |
| 020 |
|
|
|a 9789601902456
|
| 040 |
|
|
|a GR-PaULI
|c GR-PaULI
|b gre
|e AACR2
|
| 082 |
0 |
4 |
|a 370.949 5
|2 23
|
| 100 |
|
|
|a Αντωνίου, Χρήστος Ηρ.
|9 40155
|e συγγραφέας.
|
| 245 |
1 |
0 |
|a Παιδαγωγοί και παιδαγωγική στην Ελλάδα /
|c Χρήστος Ηρ. Αντωνίου.
|
| 260 |
|
|
|a Αθήνα :
|b Ελληνικά Γράμματα,
|c 2008.
|
| 300 |
|
|
|a 230 σ. ;
|b
|c 21 εκ.
|
| 504 |
|
|
|6 Περιλαμβάνει βιβλιογραφία.
|
| 650 |
|
4 |
|a Παιδαγωγοί
|9 44155
|z Ελλάδα
|
| 650 |
|
4 |
|a Παιδαγωγική
|9 3437
|
| 942 |
|
|
|2 ddc
|c BK15
|
| 952 |
|
|
|0 0
|1 0
|2 ddc
|4 0
|6 370_949000000000000_5_ΑΝΤ
|7 0
|9 219123
|a LISP
|b LISP
|c BSC
|d 2018-01-19
|i 118093
|l 0
|o 370.949 5 ΑΝΤ
|p 025000189470
|r 2018-01-19 00:00:00
|t 1
|v 2018.00
|w 2018-01-19
|y BK15
|
| 998 |
|
|
|c ΜΠΟΥΡΑΣ
|d 2018-01
|
| 999 |
|
|
|c 132627
|d 132627
|